000 00705nam a2200265Ia 4500
003 OSt
005 20221006144309.0
006 a|||||r|||| 00| 0
007 ta
008 221006b |||||||| |||| 00| 0 eng d
020 _c395.00
024 _a11,361
037 _cTextual
040 _aEASL
_cEASL
_beng
041 _2eng
_aeng
082 _aU8.40j6.H25, N2
100 _aGibb H.A.R. Tr.
_9417013
245 0 _aIBN Battuta
_b Travels in Asia and Africa
260 _aNew Delhi
_bAsian Educational Services
_c1992
300 _a390p.
_ccm.
490 _v Gen
650 _aGen
942 _hU8.40j6.H25, N2
_cTEXL
_2CC
999 _c1079447
_d1079447